| 000 | 01419cam a2200397 a 4500 | ||
|---|---|---|---|
| 001 | 2680 | ||
| 005 | 20240109150039.0 | ||
| 020 | _a9780385740029 (trade) | ||
| 020 | _a9780385908184 (lib. bdg.) | ||
| 020 | _a9780375898693 (ebook) | ||
| 020 | _a9780375866128 (pbk) | ||
| 020 | _a9780545558280 | ||
| 040 |
_aDLC _cDLC _dDLC _beng |
||
| 050 | 0 | 0 |
_aPZ7.P2843 _bFl 2011 |
| 082 | 0 | 0 |
_a318 _222 |
| 100 | 1 | _aPaulsen, Gary | |
| 245 | 1 | 0 |
_aFlat broke / _cThe companion to Liar, Liar ; Gary Paulsen |
| 250 | _aFirst Scholastic printing, February 2013 | ||
| 260 |
_aNew York : _bScholastic, _c2011 |
||
| 300 |
_a118 pages ; _c20 cm |
||
| 490 |
_3Liar, Liar ; _aBook 2 |
||
| 500 | _aSequel to: Liar, liar. | ||
| 500 | _aCompanion book to: Vote, Crush, Family ties, and Liar, liar. | ||
| 505 | _aP | ||
| 520 | _aFourteen-year-old Kevin is a hard worker, so when his income is cut off he begins a series of businesses, from poker games to selling snacks, earning money to take a girl to a dance, but his partners soon tire of his methods. | ||
| 521 |
_a810 _bLexile |
||
| 521 |
_aP _bRaz-Plus |
||
| 650 | 1 |
_aMoneymaking projects _vFiction. |
|
| 650 | 1 |
_aBusiness enterprises _vFiction. |
|
| 650 | 1 |
_aConduct of life _vFiction. |
|
| 650 | 1 |
_aFriendship _vFiction. |
|
| 650 | 1 |
_aFamily life _vFiction. |
|
| 650 | 1 | _aHumorous stories. | |
| 906 |
_a7 _bcbc _corignew _d1 _eecip _f20 _gy-gencatlg |
||
| 942 |
_2ddc _cBK _n0 |
||
| 999 |
_c2680 _d2680 |
||